Open Data Biblioteca Nacional de Portugal


República Portuguesa: Ministério da Cultura
Biblioteca Nacional de Portugal

Catálogo da BNP: acesso por Identificadores Unívocos
Registos Bibliográficos associados ao registo de autoridade

Etiqueta de registo: 00254nam 2200025 450
001 2289544
003 http://id.bnportugal.gov.pt/bib/catbnp/2289544
100 ## $a20260703d2026 m y0pory01030103ba
101 0# $apor$deng
102 ## $aPT
105 ## $aa m 000yy
106 ## $ar
200 1# $a A realidade aumentada no ensino de astronomia$econtributos para a compreensão de conceitos espaciais no 7º ano de escolaridade$dAugmented reality in astronomy education$eenhancing the understanding of spatial concepts in the 7th grade$fInês Margarida da Graça Mendes$gorient. Mário Jorge Rodrigues Martins, Isabel Maria Coelho de Oliveira Malaquias$zeng
210 #9 $aAveiro$c[s.n.],$d2026
215 ## $a[7] f., XII, 364 p.$cil.$d30 cm
328 #1 $aTese doutoramento Multimédia em Educação, Universidade de Aveiro, 2026
510 1# $aAugmented reality in astronomy education$eenhancing the understanding of spatial concepts in the 7th grade$zeng
700 #1 $aMendes,$bInês Margarida da Graça $32002573
702 #1 $aVairinhos,$bMário$4727$31146313
702 #1 $aMalaquias,$bIsabel Maria Coelho de Oliveira,$f1957-$4727$3159188
801 #0 $aPT$bBN$gRPC
966 ## $lBN$mFGMON$x1
971 ## $cjbeatriz$d20260703

OpendataBNP@bnportugal.pt | Mais informação sobre acesso aos dados BNP